Liverpool all-time top scorers - Statistics

General Stats
  • This quiz has been taken 50 times
  • The average score is 7 of 10
Answer Stats
Goals Nationality Player % Correct
207 Egypt Mohamed Salah
100%
329 Wales Ian Rush
96%
120 Senegal Sadio Mané
96%
170 Scotland Sir Kenny Dalglish
85%
186 England Steven Gerrard
83%
158 England Michael Owen
76%
183 England Robbie Fowler
67%
262 England Roger Hunt
33%
117 Scotland Ian St. John
22%
177 Scotland Billy Liddell
17%
No matching quizzes found
Score Distribution
Percent of People with Each Score
Percentile by Number Answered
Your Score History
You have not taken this quiz